00826nam a22001577a 4500008004100000020001500041050002900056100001800085245030700103260004200410300002200452440003200474942001200506999001600518952013400534140812b xxu||||| |||| 00| 0 eng d a040609117x aKD276.3.L39(1886 vol.32) aHemming, G.W. aThe Law Reports(1886 vol.32) Chancery division: Under the superintendence and control of the incorporated council of law reporting for England and wales, supreme court of judicature cases determined in the chancery division and in lunacy and on appeal therefrom in the court of appeal. /cG.W. Hemming. aLondon:bButterworth & Co Ltd,c1886. axii,642p.:c24cm. pChancery division.vvol.32. 2lcccBK c3312d10812 00102lcc4070aWIUC-1bWIUC-1cLLd2014-08-12l0oKD276.3.L39(1886 vol.32)p1658/646/14r2014-08-12 00:00:00t1w2014-08-12yBK